000
00386nam a22001217a 4500
003
SGT
082
_a
891.4309
_b
2004
100
_a
प्रताप अभय
245
_a
बहुराष्ट्रीय विश्व व्यवस्था में भारत
260
_b
स्वराज प्रकाशन समूह
_c
2004
300
_a
96
942
_2
ddc
_c
BK
999
_c
32077
_d
32077